000 00269nam a22001097a 4500
999 _c168335
_d168335
082 _a
_b
100 _aRekha Basanth Patil
245 _aSamanthar kahani meim yadarthbodh/
_cby Rekha Basanth Patil.
260 _aMathura:
_bJawahar,
_c2005.
650 _a
942 _cBK